Brain, mind, and the signifying body : an ecosocial semiotic theory (Record no. 119147)

MARC details
000 -LEADER
fixed length control field 00761nam a2200229Ia 4500
008 - FIXED-LENGTH DATA ELEMENTS--GENERAL INFORMATION
fixed length control field 191130s2004##################000#0#eng##
020 ## - INTERNATIONAL STANDARD BOOK NUMBER
ISBN 9780826469656
082 ## - DEWEY DECIMAL CLASSIFICATION NUMBER
Classification number 302.2 THI
100 ## - MAIN ENTRY--AUTHOR NAME
Personal name Thibault, Paul J
245 ## - TITLE STATEMENT
Title Brain, mind, and the signifying body : an ecosocial semiotic theory
Statement of responsibility, etc Paul J. Thibault ; with a foreword by M.A.K. Halliday
260 ## - PUBLICATION, DISTRIBUTION, ETC. (IMPRINT)
Place of publication New York
Name of publisher Continuum
Year of publication 2004
300 ## - PHYSICAL DESCRIPTION
Number of Pages xv, 344 p. : ill. ; 25 cm.
500 ## - GENERAL NOTE
General note Includes bibliographical references (p. [318]-330) and indexes
650 ## - SUBJECT ADDED ENTRY--TOPICAL TERM
Topical Term Discourse analysis
Topical Term Psycholinguistics
Topical Term Semiotics - Social aspects
991 ## -
-- 214981
Holdings
Withdrawn status Lost status Damaged status Not for loan Home library Current library Shelving location Date acquired Full call number Accession Number Price effective from Koha item type
        Anna Centenary Library Anna Centenary Library 3RD FLOOR, B WING 12.10.2020 302.2 THI 324145 12.10.2020 English Books

Find us on the map